Statistiques concernant Quizlendrier de l'Avent #24 - Corrigez cette dictée - Version Noël

Cliquez ici pour prendre le quiz!

Statistiques générales

  • Ce quiz a été pris 1 336 fois
  • Le résultat moyen est 18 sur 21

Réponses sur la Carte

Les réponses sont colorées sur une échelle allant du rouge au vert en fonction du pourcentage des utilisateurs qui les ont devinées à leur premier essai. Vous pouvez retrouver ces pourcentages ci-dessous.
 

Statistiques - réponses

Corrections% Correct
Cette
98%
N'est
96%
Appelle
95%
Cher
95%
Est
95%
D'avance
94%
Serais
94%
Tous
94%
Tous
94%
Voudrais
92%
Parce
91%
Contes
89%
Aimerais
88%
Reine
88%
Soyons
87%
Lus
82%
Davantage
74%
Rouge-orangé
73%
Ceux
72%
Terre
66%
Bien que
40%

Distribution des résultats

Percentile par nombre de réponses

% des personnes avec chaque résultat

Votre développement - résultats

Vous n’avez pas pris ce quiz